000 00927nam0a22002531 4500
001 rc\777010
005 20250622130545.0
035 _a(NLR Aleph) 006303107
090 _a7272301
_c7272301
100 _a20040301d1983 |||y0rusy50 ca
101 0 _arus
102 _aRU
105 _ay |||||||||
200 1 _aАнтропометрическая стандартизация населения стран-членов СЭВ
_f[Ю.С. Куршакова, Т.Н. Дунаевская, Т.Ф. Дурыгина и др.]
210 _aМ.
_cЛег. и пищ. пром-сть
_d1983
215 _a199 с.
_d21
300 _aАвт. указаны на обороте тит. л.
320 _aБиблиогр.: с. 197-198 (42 назв.)
701 1 _aКуршакова
_bЮ.С.
_gЮлия Сергеевна
801 0 _aRU
_bNLR
_gpsbo
801 1 _aRU
_bELAR
_2rusmarc
852 _aNLR
_j84-5/1109
942 _cBOOK
980 _aNB